Water resources management in India - An introspection (Record no. 58568)

000 -LEADER
fixed length control field 01623pab a2200181 454500
008 - FIXED-LENGTH DATA ELEMENTS--GENERAL INFORMATION
fixed length control field 180718b2003 xxu||||| |||| 00| 0 eng d
100 ## - MAIN ENTRY--PERSONAL NAME
Personal name Sekhar, A.
245 ## - TITLE STATEMENT
Title Water resources management in India - An introspection
260 ## - PUBLICATION, DISTRIBUTION, ETC.
Date of publication, distribution, etc. 2003
300 ## - PHYSICAL DESCRIPTION
Extent p.254-260.
362 ## - DATES OF PUBLICATION AND/OR SEQUENTIAL DESIGNATION
Dates of publication and/or sequential designation Jul-Sep
520 ## - SUMMARY, ETC.
Summary, etc. The limited availability of usable water calls for exploitation of all potential storage sites and replenishable groundwater resources, which is indeed a tall order. Low water charges in most states do not convey the scarcity value of water and on the contrary encourage overuse and misuse. The collection of water charges as a percentage of demand is also very low in most states. The Tenth Plan strategy is aimed to link reforms in water sector to Central funding. One of the problems being faced in the rural drinking water sector is slippage of habitations from fully covered to partially covered and partially covered to not covered habitations due to increase in population, fall in groundwater, water quality problems, etc. This article addresses the sustainability issues through focus on revival of traditional rain water harvesting techniques. It also suggests that a National Water Code will clearly define the parameters within which watershed development should take place. This issue as also the issue of sustanability of assets created merit attention before embarking on a massive programme to conserve water. - Reproduced.
650 ## - SUBJECT ADDED ENTRY--TOPICAL TERM
Topical term or geographic name entry element Water resources management - India
650 ## - SUBJECT ADDED ENTRY--TOPICAL TERM
Topical term or geographic name entry element Water resources management
773 ## - HOST ITEM ENTRY
Main entry heading Indian Journal of Public Administration
908 ## - PUT COMMAND PARAMETER (RLIN)
Put command parameter N
909 ## -
-- 58568
Holdings
Withdrawn status Lost status Damaged status Not for loan Permanent Location Current Location Date acquired Serial Enumeration / chronology Barcode Date last seen Price effective from Koha item type
        Indian Institute of Public Administration Indian Institute of Public Administration 2018-07-19 Volume no: 49, Issue no: 3 AR59013 2018-07-19 2018-07-19 Articles

Powered by Koha